Statistics for Marvel Comics Movie Franchises

Click here to take the quiz!

General Stats

  • This quiz has been taken 69 times
  • The average score is 22 of 28

Answer Stats

Year (S)# of FilmsFranchise% Correct
2011-2016 (TBD)4Captain America
97%
2008-2013 (TBD)4Iron Man
97%
2018 (TBD)2Black Panther
95%
2003,2008 (TBD)3Hulk
95%
2011-20224Thor
95%
2000-2019, TBD8X-Men
95%
2012-2019 (TBD)5The Avengers
93%
2002-2007, 2012-2014, 2017-2021, 2018-202210Spider-Man
92%
20211Black Widow
88%
2019-20222Captain Marvel
88%
2014-20235Guardians of the Galaxy
88%
2009-2017 (TBD)4Wolverine
86%
2015-20223Ant-Man
85%
2016-2018 (TBD)4Deadpool
85%
2016-2022 (TBD)3Doctor Strange
85%
2005-2007, 2015, TBD4Fantastic Four
76%
20031Daredevil
75%
1998-2004, TBD4Blade
73%
20211The Eternals
73%
20211Shang-Chi
69%
20051Elektra
66%
2007-20112Ghostrider
66%
2004-20082Punisher
64%
2018-20212Venom
64%
19861Howard the Duck
59%
20201The New Mutants
46%
20211Morbius
34%
20141Big Hero Six
24%

Score Distribution

Percentile by Number Answered

Percent of People with Each Score

Your Score History

You have not taken this quiz